000
00276nam a2200109Ia 4500
008
240731s9999 xx 000 0 und d
245
0
_a
Bollettino di zoologia
260
_b
Taylor & Francis
856
_u
https://www.tandfonline.com/loi/tizo19
942
_2
ddc
942
_c
TFEJ
999
_c
75650
_d
75650
945
_a
1
_b
Madushi Gamage
_c
1
_d
Madushi Gamage